| 000 | 00000nam 22000008a 4500 |
| 001 | 9.834494 |
| 003 | CaOODSP |
| 005 | 20221107150440 |
| 007 | cr ||||||||||| |
| 008 | 170329s2017 abc o f00| 0 eng d |
| 020 | |a978-0-660-08118-2 |
| 020 | |z978-0-660-08119-9 |
| 040 | |aCaOODSP|beng |
| 043 | |an-cn--- |
| 086 | 1 |aNE23-168/2017E-PDF |
| 086 | 1 |zNE23-168/2017E |
| 245 | 00|aDamage prevention |h[electronic resource] : |bpipeline facts and myths. |
| 260 | |aCalgary : |bNational Energy Board, |c[2017]. |
| 300 | |a[2] p. |
| 500 | |aIssued also in French under title: Prévention des dommages : mythes pipeliniers débusqués. |
| 500 | |a"Click or call before you dig"--Title page. |
| 692 | 07|2gccst|aPipelines |
| 692 | 07|2gccst|aSafety |
| 710 | 1 |aCanada. |bNational Energy Board. |
| 775 | 08|tPrévention des dommages |w(CaOODSP)9.834498 |
| 776 | 0#|tDamage prevention : |w(CaOODSP)9.834496 |
| 795 | |tDamage prevention : |w(CaOODSP)9.699778 |
| 856 | 40|qPDF|s4.23 MB|uhttps://publications.gc.ca/collections/collection_2017/one-neb/NE23-168-2017-eng.pdf |